100 Largest US Cities - F - Statistics

General Stats
  • This quiz has been taken 326 times
  • The average score is 31 of 100
Answer Stats
Rank Population City % Correct
1 942,323 Fort Worth, TX
91%
2 537,100 Fresno, CA
88%
3 276,286 Fort Wayne, IN
83%
8 183,109 Fort Lauderdale, FL
80%
4 247,708 Fremont, CA
73%
59 26,207 Fremont, NE
73%
91 15,747 Fremont, OH
73%
17 89,540 Fayetteville, AR
68%
81 18,427 Fayetteville, GA
68%
7 213,475 Fayetteville, NC
68%
11 125,804 Fargo, ND
67%
9 174,081 Fort Collins, CO
65%
19 88,233 Fort Smith, AR
62%
58 26,414 Franklin, IN
60%
41 35,785 Franklin, MA
60%
20 87,237 Franklin, TN
60%
14 96,851 Fort Myers, FL
59%
5 224,566 Frisco, TX
57%
75 19,831 Frankfort, IL
55%
86 16,024 Frankfort, IN
55%
54 27,827 Frankfort, KY
55%
10 137,350 Fullerton, CA
55%
6 217,237 Fontana, CA
54%
50 29,859 Fairbanks, AK
53%
12 118,043 Fairfield, CA
53%
34 42,448 Fairfield, OH
53%
16 94,762 Flint, MI
52%
94 14,924 Frederick, CO
51%
26 72,842 Frederick, MD
51%
68 23,159 Farmington, MN
48%
76 19,705 Farmington, MO
48%
32 43,278 Farmington, NM
48%
56 27,073 Farmington, UT
48%
24 77,590 Flagstaff, AZ
46%
35 40,993 Florence, AL
40%
52 28,474 Florence, AZ
40%
44 33,784 Florence, KY
40%
40 38,721 Florence, SC
40%
62 24,607 Fairfax, VA
39%
51 28,766 Fredericksburg, VA
35%
65 23,433 Freeport, IL
34%
33 42,770 Freeport, NY
34%
15 95,415 Federal Way, WA
31%
18 89,363 Fall River, MA
28%
21 86,300 Folsom, CA
28%
85 16,126 Fillmore, CA
27%
13 99,116 Fishers, IN
27%
25 77,430 Framingham, MA
27%
82 18,302 Fairmont, WV
26%
98 14,085 Fairview, NJ
23%
49 31,443 Fountain, CO
23%
36 40,987 Findlay, OH
22%
30 46,437 Fort Pierce, FL
21%
23 79,958 Farmington Hills, MI
20%
72 20,359 Ferguson, MO
20%
29 50,562 Florissant, MO
19%
74 19,962 Forest Park, GA
19%
80 18,493 Forest Park, OH
19%
73 20,017 Ferndale, MI
16%
92 15,623 Ferndale, WA
16%
31 43,943 Fond du Lac, WI
15%
67 23,352 Fort Dodge, IA
15%
39 40,223 Fort Lee, NJ
15%
57 26,835 Forest Grove, OR
14%
95 14,917 Falls Church, VA
13%
22 82,281 Flower Mound, TX
13%
70 23,093 Fort Walton Beach, FL
13%
66 23,379 Foley, AL
12%
64 23,901 Fairhope, AL
11%
77 18,813 Firestone, CO
11%
60 25,756 Fountain Hills, AZ
11%
38 40,424 Fitchburg, MA
10%
48 32,096 Fitchburg, WI
10%
71 22,347 Forest Lake, MN
10%
37 40,630 Friendswood, TX
10%
69 23,116 Fernley, NV
9%
45 33,485 Foster City, CA
9%
28 54,745 Fountain Valley, CA
9%
97 14,352 Fraser, MI
9%
53 28,020 Fridley, MN
9%
63 23,993 Faribault, MN
8%
27 63,420 Farmers Branch, TX
8%
89 15,933 Fairview Heights, IL
7%
100 13,718 Fergus Falls, MN
7%
84 17,325 Franklin Park, IL
7%
79 18,560 Fairburn, GA
6%
61 25,534 Farragut, TN
6%
96 14,365 Fernandina Beach, FL
6%
55 27,288 Fort Mill, SC
6%
43 34,240 Fairborn, OH
5%
46 32,708 Fair Lawn, NJ
5%
88 15,981 Fairview Park, OH
5%
78 18,603 Fate, TX
5%
99 14,024 Fort Payne, AL
5%
47 32,698 Fuquay-Varina, NC
4%
90 15,784 Floral Park, NY
3%
42 34,410 Forney, TX
3%
93 15,382 Front Royal, VA
3%
83 17,860 Fulshear, TX
3%
87 15,999 Fort Thomas, KY
2%
No matching quizzes found
Score Distribution
Percent of People with Each Score
Percentile by Number Answered
Your Score History
You have not taken this quiz